• 首页
  • 本馆介绍
  • 公告通知
  • 最新文献
  • 馆藏检索
  • 电子资源
  • 读者导购
  • 参考咨询
  • 我的图书馆
  • 登录
  • 详细信息显示
  • 放入我的书架
  • 预约/预借图书
  • 作者相关作品
  • 分类相关作品
  • 丛书相关作品
  • 出版社相关作品

书目信息

  • 表格格式
  • 工作单格式
  • 卡片格式
题名:
革命文化制度探索
    
 
作者: 易凤林 著
分册:  
出版信息: 南昌   江西人民出版社  2014.12
页数: 256页
开本: 21cm
丛书名: 当代学术文丛
单 册:
中图分类: G529.6
科图分类:
主题词: 中央苏区--教育史--研究
电子资源:
ISBN: 978-7-210-06907-2
000 00963oam2 2200277 450
001 0120141312122
005 20160512145725.95
010    @a978-7-210-06907-2@dCNY28.00
100    @a20150326d2014 em y0chiy50 ea
101 0  @achi
102    @aCN@b360000
105    @ak z 000yy
106    @ar
200 1  @a革命文化制度探索@9ge ming wen hua zhi du tan suo@e中国苏区教育研究@f易凤林著
210    @a南昌@c江西人民出版社@d2014.12
215    @a256页@d21cm
225 2  @a当代学术文丛
330    @a本书共分为四章,主要内容包括:苏维埃教育体制的探索和确立;苏区教育思想与制度的传承和创新;苏区教育的兴起与社会动员;苏区教育的蓬勃发展与教育网络的形成。
333    @a教育工作者
461  0 @12001 @a当代学术文丛
517 1  @a中国苏区教育研究@9zhong guo su qu jiao yu yan jiu
606 0  @a中央苏区@x教育史@x研究
690    @aG529.6@v5
701  0 @a易凤林@9yi feng lin@f(1979-)@4著
801  0 @aCN@b人天书店@c20150326
905    @b875794-99@dG529.6@e193@f6
    
    革命文化制度探索:中国苏区教育研究/易凤林著.-南昌:江西人民出版社,2014.12
    256页;21cm.-(当代学术文丛)
    使用对象:教育工作者
    
    ISBN 978-7-210-06907-2:CNY28.00
    本书共分为四章,主要内容包括:苏维埃教育体制的探索和确立;苏区教育思想与制度的传承和创新;苏区教育的兴起与社会动员;苏区教育的蓬勃发展与教育网络的形成。
●
相关链接 在E读中查询图书 在五车中查询图书 在当当中查询图书 在豆瓣中查询图书


正题名:革命文化制度探索     索取号:G529.6/193         预约/预借

序号 登录号 条形码 馆藏地/架位号 状态 备注
1 875794   208757941   第一样本阅览室/ [索取号:G529.6/193] 在馆    
2 875795   208757950   教育系资料室/ [索取号:G529.6/193] 在馆    
3 875796   208757969   教育系资料室/ [索取号:G529.6/193] 在馆    
4 875797   208757978   教育系资料室/ [索取号:G529.6/193] 在馆    
5 875798   208757987   第四借阅区/ [索取号:G529.6/193] 在馆    
6 875799   208757996   第四借阅区/ [索取号:G529.6/193] 在馆    
唐山师范学院图书馆 欢迎您!
大连网信软件有限公司© 版权所有